Guess the Taylor Swift song 2 (no hints) - Statistics

General Stats
  • This quiz has been taken 36 times
  • The average score is 255 of 329
Answer Stats
Answer % Correct
I
100%
the
100%
to
100%
You
100%
you
100%
your
100%
a
96%
and
96%
And
96%
it
96%
go
92%
I'm
92%
It's
92%
it's
92%
me
92%
on,
92%
on
92%
so
92%
we
92%
don't
88%
have
88%
He
88%
he
88%
like
88%
my
88%
no
88%
out
88%
see
88%
You're
88%
you're
88%
all
85%
be
85%
Oh,
85%
Oh
85%
oh,
85%
oh
85%
back
81%
back,
81%
But
81%
can't
81%
Can't
81%
ever
81%
I'd
81%
now
81%
now,
81%
this
81%
what
81%
never
77%
Never
77%
not
77%
thought
77%
wanted
77%
Come
73%
come
73%
had
73%
know
73%
leave
73%
was
73%
figured
69%
gone
69%
gone,
69%
Gone,
69%
live
69%
said
69%
time
69%
time,
69%
haunted
65%
Haunted
65%
just
65%
Something
65%
there
65%
again
62%
known
62%
turn
62%
will
62%
Won't
62%
fragile
58%
getting
58%
line
58%
lose
58%
make
58%
walk
58%
break
54%
dark
54%
every
54%
From
54%
holding
54%
over
54%
take
54%
wrong
54%
wrong)
54%
away
50%
big
50%
breath
50%
coming
50%
eyes
50%
keeps
50%
made
50%
mistake
50%
nothing
50%
whenever
50%
anything
46%
breathe
46%
everything
46%
finish
46%
might
46%
quiet
46%
started
46%
whole
46%
cold
42%
instead
42%
mean
42%
Something's
42%
still
42%
terribly
42%
(terribly
42%
trust
42%
try
42%
wishing
42%
pain
38%
smile
38%
word
38%
watched
35%
Stood
31%
No matching quizzes found
Score Distribution
Percent of People with Each Score
Percentile by Number Answered
Your Score History
You have not taken this quiz